Bridge Watch keeping: A Practical Guide / (Record no. 23)

000 -LEADER
fixed length control field 00546nam a2200169Ia 4500
008 - FIXED-LENGTH DATA ELEMENTS--GENERAL INFORMATION
fixed length control field 190719s9999||||xx |||||||||||||| ||und||
020 ## - INTERNATIONAL STANDARD BOOK NUMBER
International Standard Book Number 9781870077170
Terms of availability £ 55.00
040 ## - CATALOGING SOURCE
Original cataloging agency IMU Kochi
082 04 - DEWEY DECIMAL CLASSIFICATION NUMBER
Classification number 623.8824
Item number B7641
110 ## - MAIN ENTRY--CORPORATE NAME
Corporate name or jurisdiction name as entry element The Nautical Institute
245 #0 - TITLE STATEMENT
Title Bridge Watch keeping: A Practical Guide /
Statement of responsibility, etc. The Nautical Institute
250 ## - EDITION STATEMENT
Edition statement 2nd ed.
260 ## - PUBLICATION, DISTRIBUTION, ETC.
Place of publication, distribution, etc. London :
Name of publisher, distributor, etc. The Nautical Institute ,
Date of publication, distribution, etc. 2016
300 ## - PHYSICAL DESCRIPTION
Extent 180 p.
Other physical details : ill., maps
Dimensions ; 30 cm.
650 ## - SUBJECT ADDED ENTRY--TOPICAL TERM
Topical term or geographic name entry element Merchant marine
General subdivision Watch duty
Form subdivision Handbooks, manuals, etc
942 ## - ADDED ENTRY ELEMENTS (KOHA)
Source of classification or shelving scheme
Koha item type Books
Holdings
Withdrawn status Lost status Damaged status Not for loan Collection code Permanent Location Current Location Shelving location Date acquired Source of acquisition Cost, normal purchase price Total Checkouts Full call number Barcode Date last seen Date last checked out Price effective from Koha item type Public note
        Nautical Science IMU Kochi Library IMU Kochi Library Reference 2017-04-29 Segment Book Distrubuters 4785.00 1 623.8824 B7641 BK003105 2022-10-28 2022-10-28 2019-07-19 Books Shelf-4, Row-3
        Nautical Science IMU Kochi Library IMU Kochi Library Reference 2017-04-29 Segment Book Distrubuters 4785.00 1 623.8824 B7641 BK003106 2025-02-07 2022-05-30 2019-07-19 Books Shelf-4, Row-3


Copyright © All Rights Reserved by Indian Maritime University, Kochi Campus.
For any Suggestions/Query Contact to library or Email: library.kochi@imu.ac.in Ph:(0484)-2989402
(Web OPAC Designed by Rudra Ranjan. Maintained by IMU Kochi Library)

Powered by Koha